Z jakich państw są te banknoty? (ŁATWE) - Statystyki

Ogólne statystyki
  • Ten quiz został rozwiązany 149 razy
  • Średni wynik to 8 z 10
Statystyki odpowiedzi
Obrazkowy Odpowiedź % Poprawnych
Stany Zjednoczone
96%
Chiny
92%
Indie
89%
Wielka Brytania
87%
Unia Europejska
85%
Arabia Saudyjska
76%
Ukraina
70%
Szwajcaria
66%
Republika Południowej Afryki
65%
Brazylia
41%
Nie znaleziono quizów pasujących do podanych kryteriów
Rozkład punktacji
Procent ludzi z każdym wynikiem
Percentyl według liczby udzielonych odpowiedzi
Twoja historia wyników
Nie rozwiązałeś tego quizu